000 01422cam a2200361 a 4500
001 4432356
003 NUST - PNEC
005 20170116181133.0
008 940317m19952001txua b 001 0 eng
010 _a 94013383
020 _a0884150259 (v. 1)
020 _a0884151018 (v. 2 : acidfree)
020 _a0884156516 (v. 3 : acidfree paper)
040 _aDLC
_cLIBRARY
_dDLC
050 0 0 _aTP155.5
_b.L8 1995
082 0 0 _a660.283 LUD
_220
100 1 _aLudwig, Ernest E.
245 1 0 _aApplied process design for chemical and petrochemical plants /VOL 2
_cErnest E. Ludwig.
246 3 0 _aApplied process design
250 _a3rd ed.
260 _aHouston :
_bGulf Pub. Co.,
_cc1995-c2001.
300 _a3 v. :
_bill. ;
_c28-29 cm.
500 _aVol. 3 published: Boston : Gulf Professional Pub.
504 _aIncludes bibliographical references and indexes.
650 0 _aChemical plants
_xME
650 0 _aPetroleum industry and trade
_xEquipment and supplies.
856 4 1 _3Table of contents
_uhttp://www.loc.gov/catdir/toc/els051/94013383.html
856 4 2 _3Publisher description
_uhttp://www.loc.gov/catdir/description/els032/94013383.html
906 _a7
_bcbc
_corignew
_d1
_eocip
_f19
_gy-gencatlg
942 _2ddc
_cBK
999 _c70074
_d70074